000 00396nam a2200181Ia 4500
001 597
005 20260306140529.0
008 260306t2003||||xx |||||||||||||| ||spa||
041 _aESP
082 _a128
_bM26
100 _aMarcel, Gabriel
_eAUT
245 0 _aSer y tener
260 _c2003
300 _a223 páginas :
_c21 cm.
650 _aGEN
654 _aCHU
942 _cLIB
_dJUS
_fJUS
_2ddc
_n
999 _c597
_d597